[Event "CZE-chT2C 1718"]
[Site "Czech Republic"]
[Date "2017.12.17"]
[Round "5.7"]
[White "Michalek, Frantisek"]
[Black "Vorisek, Jakub"]
[Result "1-0"]
[WhiteElo "1994"]
[BlackElo "1894"]
[PlyCount "87"]
[EventDate "2017.10.15"]
[EventType "team-tourn"]
[EventRounds "11"]
[EventCountry "CZE"]
[SourceTitle "EXT 2022"]
[Source "ChessBase"]
[SourceDate "2021.10.06"]
[SourceVersion "1"]
[SourceVersionDate "2021.10.06"]
[SourceQuality "1"]
[WhiteTeam "Kolin"]
[BlackTeam "Vlasim"]
[WhiteTeamCountry "CZE"]
[BlackTeamCountry "CZE"]

1. e4 c5 2. Nf3 Nc6 3. Nc3 g6 4. d4 cxd4 5. Nxd4 Bg7 6. Nb3 Nf6 7. Be2 0-0 8. Bg5 a6 9. a4 Nb4 10. 0-0 d5 11. exd5 Nbxd5 12. Nxd5 Qxd5 13. Qxd5 Nxd5 14. Bf3 e6 15. c3 h6 16. Bxd5 exd5 17. Be3 Bf5 18. Bd4 Rfe8 19. Bxg7 Kxg7 20. Nd4 Bd7 21. a5 Re7 22. Rfe1 Rae8 23. Rxe7 Rxe7 24. f3 Kf6 25. Kf2 Ke5 26. Ra3 Kd6 27. Rb3 Kc7 28. Rb6 Be8 29. Rf6 Rd7 30. Nc2 Rd6 31. Nb4 Kd7 32. Rf4 f5 33. Rd4 Bf7 34. Nd3 Bg8 35. Ne5+ Kc7 36. Ke3 g5 37. f4 g4 38. Rb4 h5 39. Kd4 Rd8 40. Rb6 Rd6 41. Kc5 Re6 42. Rxe6 Bxe6 43. Nd3 h4 44. g3 1-0

[Event "CZE-chT2C 1718"]
[Site "Czech Republic"]
[Date "2017.10.15"]
[Round "1.7"]
[White "Michalek, Frantisek"]
[Black "Staszko, Martin"]
[Result "1-0"]
[WhiteElo "1994"]
[BlackElo "2074"]
[PlyCount "58"]
[EventDate "2017.10.15"]
[EventType "team-tourn"]
[EventRounds "11"]
[EventCountry "CZE"]
[SourceTitle "EXT 2022"]
[Source "ChessBase"]
[SourceDate "2021.10.06"]
[SourceVersion "1"]
[SourceVersionDate "2021.10.06"]
[SourceQuality "1"]
[WhiteTeam "Kolin"]
[BlackTeam "Praha Dukla"]
[WhiteTeamCountry "CZE"]
[BlackTeamCountry "CZE"]

1. e4 c5 2. Nf3 a6 3. c4 Nc6 4. d4 cxd4 5. Nxd4 e5 6. Nc2 Bc5 7. Be3 Bxe3 8. Nxe3 Nge7 9. Nc3 d6 10. Bd3 0-0 11. Qd2 Be6 12. Ncd5 Rc8 13. 0-0 Nd4 14. f4 f6 15. f5 Nxd5 16. cxd5 Bf7 17. Rfc1 b5 18. Rxc8 Qxc8 19. Rc1 Qb8 20. Qc3 Rd8 21. Qc7 Be8 22. Qxb8 Rxb8 23. Rc7 a5 24. Nc2 Nxc2 25. Bxc2 Kf8 26. Kf2 b4 27. b3 Ra8 28. Bd3 Kg8 29. Bc4 Kf8 1-0

[Event "Prague Holiday K22"]
[Site "Prague"]
[Date "2017.07.27"]
[Round "8"]
[White "Vorisek, Jakub"]
[Black "Michalek, Frantisek"]
[Result "1-0"]
[WhiteElo "1883"]
[BlackElo "2065"]
[PlyCount "81"]
[EventDate "2017.07.23"]
[EventType "tourn"]
[EventRounds "9"]
[EventCountry "CZE"]
[SourceTitle "EXT 2023"]
[Source "ChessBase"]
[SourceDate "2022.10.05"]
[SourceVersion "1"]
[SourceVersionDate "2022.10.05"]
[SourceQuality "1"]

1. e4 c6 2. d4 g6 3. c4 Bg7 4. Nc3 d6 5. Be3 e5 6. dxe5 dxe5 7. Qxd8+ Kxd8 8. 0-0-0+ Kc7 9. g3 Nf6 10. h3 h6 11. Kc2 Be6 12. b3 Nbd7 13. f4 Nh5 14. Nge2 f5 15. Bg2 Bf6 16. fxe5 Bxe5 17. Nf4 Nxf4 18. gxf4 Bf6 19. e5 Be7 20. Ne2 Bf7 21. Nd4 Nf8 22. Bf3 Ne6 23. Rhg1 Nxd4+ 24. Bxd4 Rhg8 25. e6 Be8 26. Be5+ Kb6 27. b4 Bxb4 28. Rb1 c5 29. a3 Ba4+ 30. Kc1 a5 31. Bd5 g5 32. e7 Rge8 33. Bd6 Rh8 34. Be5 Rh7 35. Bf6 Bd7 36. axb4 axb4 37. Kb2 g4 38. h4 h5 39. Rbd1 Be8 40. Be6 Rh6 41. Rd8 1-0

[Event "CZE-chT2C 1617"]
[Site "Czech Republic"]
[Date "2017.03.19"]
[Round "10.6"]
[White "Zikmund, Alexandr"]
[Black "Michalek, Frantisek"]
[Result "0-1"]
[WhiteElo "1865"]
[BlackElo "2063"]
[PlyCount "46"]
[EventDate "2016.10.09"]
[EventType "team-tourn"]
[EventRounds "11"]
[EventCountry "CZE"]
[SourceTitle "EXT 2022"]
[Source "ChessBase"]
[SourceDate "2021.10.06"]
[SourceVersion "1"]
[SourceVersionDate "2021.10.06"]
[SourceQuality "1"]
[WhiteTeam "Prachatice"]
[BlackTeam "Kolin"]
[WhiteTeamCountry "CZE"]
[BlackTeamCountry "CZE"]

1. e4 Nf6 2. e5 Nd5 3. c4 Nb6 4. d4 d6 5. exd6 cxd6 6. Nf3 g6 7. Nc3 Bg7 8. Be3 0-0 9. Qd2 Nc6 10. h4 h5 11. Be2 d5 12. b3 dxc4 13. bxc4 Na5 14. c5 Nac4 15. Qc1 Nxe3 16. Qxe3 Nd5 17. Nxd5 Qxd5 18. Qb3 Be6 19. Rb1 b6 20. Qxd5 Bxd5 21. cxb6 axb6 22. Rxb6 Rxa2 23. Ra6 Rxe2+ 0-1

[Event "CZE-chT2C 1516"]
[Site "Czech Republic"]
[Date "2016.01.24"]
[Round "6.8"]
[White "Ruzicka, Ales"]
[Black "Michalek, Frantisek"]
[Result "1-0"]
[WhiteElo "2074"]
[BlackElo "2001"]
[PlyCount "81"]
[EventDate "2015.10.18"]
[EventType "team-tourn"]
[EventRounds "11"]
[EventCountry "CZE"]
[SourceTitle "EXT 2022"]
[Source "ChessBase"]
[SourceDate "2021.10.06"]
[SourceVersion "1"]
[SourceVersionDate "2021.10.06"]
[SourceQuality "1"]
[WhiteTeam "Tabor"]
[BlackTeam "Kolin"]
[WhiteTeamCountry "CZE"]
[BlackTeamCountry "CZE"]

1. e4 Nf6 2. e5 Nd5 3. d4 d6 4. Nf3 g6 5. exd6 cxd6 6. Bc4 Nb6 7. Bb3 Bg7 8. 0-0 0-0 9. Re1 Nc6 10. c3 Bf5 11. Bg5 d5 12. a4 a5 13. Na3 Qd7 14. h3 Rfe8 15. Qd2 Be4 16. Nh2 Bf5 17. Nb5 Na7 18. Nxa7 Rxa7 19. Re2 Nc4 20. Bxc4 dxc4 21. Bh6 Ra6 22. Bxg7 Kxg7 23. Nf3 f6 24. Ne1 Re6 25. Rxe6 Bxe6 26. Nc2 Bd5 27. Ne3 h6 28. Qe2 Qc6 29. f4 e6 30. Re1 Rf8 31. Nxd5 exd5 32. Qe6 Rf7 33. f5 Qxe6 34. Rxe6 Rd7 35. fxg6 Kxg6 36. Rb6 Kf5 37. Kf2 Rf7 38. Kf3 Rd7 39. Rb5 Ke6 40. Kf4 Rg7 41. Rb6+ 1-0

[Event "CZE-chT2C 1516"]
[Site "Czech Republic"]
[Date "2016.01.10"]
[Round "5.7"]
[White "Kratochvil, Jakub"]
[Black "Michalek, Frantisek"]
[Result "1/2-1/2"]
[WhiteElo "2073"]
[BlackElo "2001"]
[PlyCount "73"]
[EventDate "2015.10.18"]
[EventType "team-tourn"]
[EventRounds "11"]
[EventCountry "CZE"]
[SourceTitle "EXT 2022"]
[Source "ChessBase"]
[SourceDate "2021.10.06"]
[SourceVersion "1"]
[SourceVersionDate "2021.10.06"]
[SourceQuality "1"]
[WhiteTeam "Pankrac II"]
[BlackTeam "Kolin"]
[WhiteTeamCountry "CZE"]
[BlackTeamCountry "CZE"]

1. e4 e5 2. Nf3 Nc6 3. Bb5 a6 4. Ba4 Nf6 5. 0-0 Be7 6. Re1 b5 7. Bb3 d6 8. c3 0-0 9. h3 Na5 10. Bc2 c5 11. d4 Qc7 12. Nbd2 cxd4 13. cxd4 Nc6 14. Nb3 a5 15. Be3 a4 16. Nbd2 Nd7 17. Rc1 Qb7 18. Qe2 Bf6 19. d5 Nb4 20. Bb1 Na6 21. b3 Ndc5 22. bxa4 Nxa4 23. Nb3 Bd8 24. Bd3 Bd7 25. a3 Bb6 26. Nfd2 Bxe3 27. Qxe3 N6c5 28. Bf1 Nxb3 29. Nxb3 Nb6 30. Nd2 Ra5 31. Rb1 Rfa8 32. Rb3 Na4 33. Reb1 Nc5 34. Rc3 Na4 35. Rcb3 Nc5 36. Rc3 Na4 37. Rcb3 1/2-1/2

[Event "Prague Holiday M31"]
[Site "Prague"]
[Date "2015.08.06"]
[Round "7"]
[White "Michalek, Frantisek"]
[Black "Koper, Stefan"]
[Result "1/2-1/2"]
[WhiteElo "2000"]
[BlackElo "1991"]
[PlyCount "42"]
[EventDate "2015.08.02"]
[EventType "tourn"]
[EventRounds "9"]
[EventCountry "CZE"]
[SourceTitle "EXT 2017"]
[Source "ChessBase"]
[SourceDate "2016.10.25"]
[SourceVersion "1"]
[SourceVersionDate "2016.10.25"]
[SourceQuality "1"]

1. d4 Nf6 2. c4 g6 3. Nc3 Bg7 4. e4 d6 5. Nf3 0-0 6. Be2 e5 7. d5 a5 8. 0-0 Na6 9. h3 Nc5 10. Qc2 b6 11. Be3 Bd7 12. b3 Nh5 13. Nh2 Nf4 14. Bxf4 exf4 15. Bg4 h5 16. Bxd7 Qxd7 17. Rae1 Rae8 18. f3 Be5 19. Ne2 Qe7 20. Rf2 Kh7 21. Nf1 f5 1/2-1/2

[Event "Prague Holiday M31"]
[Site "Prague"]
[Date "2015.08.02"]
[Round "2"]
[White "Knechtel, Roland"]
[Black "Michalek, Frantisek"]
[Result "1/2-1/2"]
[WhiteElo "2264"]
[BlackElo "2000"]
[PlyCount "130"]
[EventDate "2015.08.02"]
[EventType "tourn"]
[EventRounds "9"]
[EventCountry "CZE"]
[SourceTitle "EXT 2017"]
[Source "ChessBase"]
[SourceDate "2016.10.25"]
[SourceVersion "1"]
[SourceVersionDate "2016.10.25"]
[SourceQuality "1"]

1. d4 d5 2. c4 e6 3. Nc3 Nf6 4. Bg5 Be7 5. e3 h6 6. Bh4 c6 7. Qc2 Nbd7 8. cxd5 exd5 9. Bd3 0-0 10. Nf3 Re8 11. 0-0 Nf8 12. Rab1 Ne4 13. Bxe7 Qxe7 14. b4 a6 15. Na4 Ng6 16. Nc5 Nxc5 17. Bxg6 Ne4 18. Bxe4 Qxe4 19. Qxe4 dxe4 20. Nd2 Be6 21. Rb2 Bd5 22. Re1 f5 23. a3 Re7 24. Nb1 Kf7 25. Rc1 Ke6 26. Nc3 Rd8 27. Na4 Kd6 28. Kf1 g5 29. Nc5 b6 30. Nb3 f4 31. Nd2 fxe3 32. fxe3 Rf7+ 33. Kg1 Rdf8 34. Rbc2 b5 35. h3 Kd7 36. Rf1 Rxf1+ 37. Nxf1 a5 38. Rf2 Rxf2 39. Kxf2 axb4 40. axb4 Ke6 41. Kg3 Kf5 42. Nd2 h5 43. h4 g4 44. Nb1 Bc4 45. Nc3 Bd5 46. Ne2 Bc4 47. Nf4 Bf7 48. Kf2 Kf6 49. g3 Ke7 50. Ke1 Kd6 51. Kd2 Kc7 52. Kc2 Kd7 53. Kc3 Kc7 54. d5 cxd5 55. Ne2 Be8 56. Nc1 Kd6 57. Kd4 Bd7 58. Nb3 Bc6 59. Nd2 Bb7 60. Nb1 Ba8 61. Na3 Bc6 62. Nc2 Be8 63. Ne1 Bc6 64. Ng2 Be8 65. Nf4 Bf7 1/2-1/2

[Event "Prague Holiday M31"]
[Site "Prague"]
[Date "2015.08.02"]
[Round "1"]
[White "Michalek, Frantisek"]
[Black "Kolar, Stanislav"]
[Result "1-0"]
[WhiteElo "2000"]
[BlackElo "2062"]
[PlyCount "89"]
[EventDate "2015.08.02"]
[EventType "tourn"]
[EventRounds "9"]
[EventCountry "CZE"]
[SourceTitle "EXT 2017"]
[Source "ChessBase"]
[SourceDate "2016.10.25"]
[SourceVersion "1"]
[SourceVersionDate "2016.10.25"]
[SourceQuality "1"]

1. e4 c6 2. Nc3 d5 3. Nf3 dxe4 4. Nxe4 Nf6 5. Nxf6+ exf6 6. d4 Bd6 7. Bc4 0-0 8. 0-0 Qc7 9. h3 Nd7 10. c3 Rd8 11. Qc2 g6 12. Bh6 Bf4 13. Bxf7+ Kh8 14. Bxf4 Qxf4 15. Rae1 Nf8 16. Qe4 Qd6 17. Qe7 Bf5 18. Qxd6 Rxd6 19. Re7 b5 20. Rfe1 a5 21. a3 g5 22. Rc7 Be6 23. Bxe6 Nxe6 24. Rf7 Rad8 25. Nd2 Nf8 26. Ree7 f5 27. Rxf5 Ng6 28. Re3 h6 29. Ne4 Re6 30. Nxg5 Rxe3 31. Nf7+ Kg7 32. Nxd8 Re1+ 33. Kh2 Re2 34. Nxc6 Rxb2 35. d5 Rd2 36. Nd4 b4 37. axb4 axb4 38. Ne6+ Kg8 39. cxb4 Rb2 40. g3 Rxb4 41. d6 Rb7 42. h4 Rd7 43. Rf6 Ne5 44. Rf8+ Kh7 45. Rf5 1-0

[Event "Prague Holiday M22"]
[Site "Prague"]
[Date "2015.07.30"]
[Round "8"]
[White "Michalek, Frantisek"]
[Black "Hollan, Petr"]
[Result "0-1"]
[WhiteElo "2021"]
[BlackElo "2070"]
[PlyCount "64"]
[EventDate "2015.07.26"]
[EventType "tourn"]
[EventRounds "9"]
[EventCountry "CZE"]
[SourceTitle "EXT 2017"]
[Source "ChessBase"]
[SourceDate "2016.10.25"]
[SourceVersion "1"]
[SourceVersionDate "2016.10.25"]
[SourceQuality "1"]

1. e4 d6 2. d4 Nf6 3. Nc3 Nbd7 4. Nf3 e5 5. Bc4 Be7 6. 0-0 0-0 7. Re1 c6 8. a4 b6 9. Qe2 a6 10. Bg5 Qc7 11. Ba2 Bb7 12. Rad1 b5 13. axb5 axb5 14. d5 b4 15. dxc6 bxc3 16. Bxf7+ Rxf7 17. cxb7 Qxb7 18. bxc3 Rc8 19. Bd2 h6 20. Nh4 Nc5 21. Nf5 Bf8 22. f3 Na4 23. c4 Nb6 24. Rb1 Qc6 25. c5 dxc5 26. Qa6 Nfd7 27. Be3 c4 28. Rxb6 Nxb6 29. Qxb6 Qxb6 30. Bxb6 Rb7 31. Be3 Rb2 32. Re2 Ra8 0-1

[Event "Prague Holiday M22"]
[Site "Prague"]
[Date "2015.07.28"]
[Round "5"]
[White "Piankov, Evgenij"]
[Black "Michalek, Frantisek"]
[Result "1/2-1/2"]
[WhiteElo "2269"]
[BlackElo "2021"]
[PlyCount "118"]
[EventDate "2015.07.26"]
[EventType "tourn"]
[EventRounds "9"]
[EventCountry "CZE"]
[SourceTitle "EXT 2017"]
[Source "ChessBase"]
[SourceDate "2016.10.25"]
[SourceVersion "1"]
[SourceVersionDate "2016.10.25"]
[SourceQuality "1"]

1. d4 Nf6 2. Nf3 e6 3. g3 b6 4. Bg2 Bb7 5. 0-0 d5 6. c4 Nbd7 7. Nc3 Be7 8. Ne5 0-0 9. Qa4 Nxe5 10. dxe5 Ne4 11. cxd5 Nxc3 12. bxc3 exd5 13. Rd1 c6 14. c4 Qc7 15. cxd5 cxd5 16. Bb2 Rfd8 17. Qb3 Bc5 18. Bxd5 Bxf2+ 19. Kxf2 Qc5+ 20. Bd4 Qxd5 21. Qxd5 Rxd5 22. Rac1 Rd7 23. Rc3 Rad8 24. e3 Kf8 25. Rdc1 Ke7 26. g4 Ke6 27. Kg3 Rd5 28. Ra3 Ra5 29. Rxa5 bxa5 30. a3 a4 31. Rc4 a6 32. Rxa4 Rd7 33. Rb4 g6 34. Kf4 h6 35. h4 Rc7 36. h5 g5+ 37. Kg3 Kd5 38. Rb6 Bc8 39. Rxh6 Rc1 40. Rh8 Be6 41. h6 Ke4 42. Rg8 Rg1+ 43. Kf2 Rh1 44. Rxg5 Rxh6 45. Rg8 Rh2+ 46. Kg3 Ra2 47. g5 Rxa3 48. g6 fxg6 49. Rxg6 Kd5 50. Rg7 Ra4 51. Kf4 Rc4 52. Rb7 Rc8 53. Rb6 Rf8+ 54. Kg5 Bc8 55. Rd6+ Ke4 56. e6 Re8 57. Kf6 Rxe6+ 58. Rxe6+ Bxe6 59. Kxe6 a5 1/2-1/2

[Event "CZE-chT2C 1415"]
[Site "Czech Republic"]
[Date "2015.03.15"]
[Round "9.6"]
[White "Michalek, Frantisek"]
[Black "Kratochvil, Vit"]
[Result "0-1"]
[WhiteElo "2056"]
[BlackElo "2143"]
[PlyCount "40"]
[EventDate "2014.11.02"]
[EventType "team-tourn"]
[EventRounds "11"]
[EventCountry "CZE"]
[SourceTitle "EXT 2022"]
[Source "ChessBase"]
[SourceDate "2021.10.06"]
[SourceVersion "1"]
[SourceVersionDate "2021.10.06"]
[SourceQuality "1"]
[WhiteTeam "Kolin"]
[BlackTeam "Jihlava Silko Gambit"]
[WhiteTeamCountry "CZE"]
[BlackTeamCountry "CZE"]

1. e4 Nf6 2. Nc3 d6 3. d4 Nbd7 4. Nf3 e5 5. Bc4 Be7 6. Ng5 0-0 7. Bxf7+ Rxf7 8. Ne6 Qe8 9. Nxc7 Qd8 10. Nxa8 b6 11. d5 Ba6 12. Be3 Qxa8 13. g4 Nc5 14. f3 Qf8 15. b4 Nxg4 16. fxg4 Rf3 17. Qe2 Bxe2 18. Kxe2 Rxe3+ 19. Kxe3 Qf4+ 20. Ke2 Qxg4+ 0-1

[Event "CZE-chT2C 1415"]
[Site "Czech Republic"]
[Date "2015.01.25"]
[Round "6.7"]
[White "Michalek, Frantisek"]
[Black "Stolba, Milos"]
[Result "0-1"]
[WhiteElo "2056"]
[BlackElo "2170"]
[PlyCount "108"]
[EventDate "2014.11.02"]
[EventType "team-tourn"]
[EventRounds "11"]
[EventCountry "CZE"]
[SourceTitle "EXT 2022"]
[Source "ChessBase"]
[SourceDate "2021.10.06"]
[SourceVersion "1"]
[SourceVersionDate "2021.10.06"]
[SourceQuality "1"]
[WhiteTeam "Kolin"]
[BlackTeam "Kutna Hora"]
[WhiteTeamCountry "CZE"]
[BlackTeamCountry "CZE"]

1. e4 d5 2. exd5 Qxd5 3. Nc3 Qa5 4. d4 Nf6 5. Nf3 c6 6. Bd2 Bf5 7. Bc4 e6 8. Nd5 Qd8 9. Nxf6+ gxf6 10. c3 Bd6 11. Qe2 Qe7 12. 0-0-0 Nd7 13. Nh4 Bg6 14. f4 f5 15. g3 0-0-0 16. Rde1 Nf6 17. Bd3 Qd7 18. Nf3 Bh5 19. Qg2 Bxf3 20. Qxf3 h5 21. c4 Bc5 22. dxc5 Qxd3 23. Qxd3 Rxd3 24. Bc3 Rh6 25. Bxf6 Rxf6 26. Rd1 Rxd1+ 27. Rxd1 Rg6 28. Rd3 Rg8 29. Ra3 a6 30. Kd2 h4 31. Ke2 hxg3 32. hxg3 Rh8 33. Rb3 Rh2+ 34. Kf3 Rc2 35. Rb4 Rc1 36. Ke3 Rc2 37. Kf3 Kc7 38. g4 fxg4+ 39. Kxg4 f6 40. Kf3 a5 41. Ra4 Rxb2 42. Rxa5 Rb4 43. Ra8 Rxc4 44. Re8 Rxc5 45. Rxe6 f5 46. Ke3 Rd5 47. Rh6 b5 48. Rh1 b4 49. Rc1 Kb6 50. Rg1 c5 51. Rg8 Kb5 52. Re8 Kc4 53. Rg8 Rd3+ 54. Ke2 Ra3 0-1

[Event "Prague Holiday M31"]
[Site "Prague"]
[Date "2014.08.07"]
[Round "7"]
[White "Hansch, Stephan"]
[Black "Michalek, Frantisek"]
[Result "1-0"]
[WhiteElo "2044"]
[BlackElo "2081"]
[PlyCount "35"]
[EventDate "2014.08.03"]
[EventType "tourn"]
[EventRounds "9"]
[EventCountry "CZE"]
[SourceTitle "EXT 2023"]
[Source "ChessBase"]
[SourceDate "2022.10.05"]
[SourceVersion "1"]
[SourceVersionDate "2022.10.05"]
[SourceQuality "1"]

1. d4 Nf6 2. c4 e6 3. g3 d5 4. Nf3 Be7 5. Bg2 0-0 6. 0-0 b6 7. Qc2 Bb7 8. Nbd2 Nbd7 9. b3 c5 10. cxd5 exd5 11. Bb2 Rc8 12. Rac1 cxd4 13. Qb1 Ne4 14. Nxe4 dxe4 15. Nxd4 Nf6 16. Nf5 Rxc1 17. Qxc1 Bc5 18. Qg5 1-0

[Event "Prague Holiday M31"]
[Site "Prague"]
[Date "2014.08.07"]
[Round "8"]
[White "Michalek, Frantisek"]
[Black "Jurcisin, Imrich"]
[Result "1/2-1/2"]
[WhiteElo "2081"]
[BlackElo "2037"]
[PlyCount "64"]
[EventDate "2014.08.03"]
[EventType "tourn"]
[EventRounds "9"]
[EventCountry "CZE"]
[SourceTitle "EXT 2023"]
[Source "ChessBase"]
[SourceDate "2022.10.05"]
[SourceVersion "1"]
[SourceVersionDate "2022.10.05"]
[SourceQuality "1"]

1. e4 d5 2. exd5 Nf6 3. d4 Nxd5 4. Nf3 Bg4 5. Be2 e6 6. h3 Bh5 7. c4 Nf6 8. Be3 Be7 9. Nc3 0-0 10. Ne5 Bxe2 11. Qxe2 Nbd7 12. 0-0 c6 13. Rfd1 Qc7 14. Bf4 Nxe5 15. Bxe5 Qd7 16. b3 Rad8 17. Rd3 Qc8 18. Rad1 Nd7 19. Bf4 Nf6 20. Bg5 Nd5 21. cxd5 Bxg5 22. dxe6 Qxe6 23. Qxe6 fxe6 24. Ne4 Be7 25. Kf1 Rd5 26. Ke2 h6 27. f3 Kf7 28. Ke3 Rfd8 29. Nc3 R5d7 30. Ne4 Rd5 31. Nc3 R5d7 32. Ne4 Rd5 1/2-1/2

[Event "Prague Holiday M21"]
[Site "Prague"]
[Date "2014.07.28"]
[Round "3"]
[White "Michalek, Frantisek"]
[Black "Gregor, Jiri"]
[Result "0-1"]
[WhiteElo "2058"]
[BlackElo "2307"]
[PlyCount "60"]
[EventDate "2014.07.27"]
[EventType "tourn"]
[EventRounds "9"]
[EventCountry "CZE"]
[SourceTitle "EXT 2023"]
[Source "ChessBase"]
[SourceDate "2022.10.05"]
[SourceVersion "1"]
[SourceVersionDate "2022.10.05"]
[SourceQuality "1"]

1. e4 c5 2. Nf3 Nc6 3. Nc3 Nf6 4. d4 cxd4 5. Nxd4 e6 6. Bg5 d6 7. Bb5 Bd7 8. Qd2 Be7 9. 0-0-0 Qc7 10. Rhe1 a6 11. Bxc6 Bxc6 12. f4 h6 13. Bxf6 gxf6 14. f5 Bd7 15. Qe2 0-0-0 16. Qh5 Rdf8 17. Re3 Kb8 18. Qe2 Rfg8 19. g4 h5 20. h3 hxg4 21. hxg4 Bf8 22. Kb1 Qc5 23. Rg3 Qe5 24. Qg2 d5 25. exd5 exf5 26. Nf3 Qd6 27. Qg1 fxg4 28. Ne4 Qf4 29. Nfd2 f5 30. Rf1 Qe5 0-1